Detalles MARC
| 000 -LÍDER |
| Campo fijo de descripción fija |
02258cam a2200397 i 4500 |
| 001 - NÚMERO DE CONTROL |
| Campo de control |
955991 |
| 003 - IDENTIFICADOR DEL NÚMERO DE CONTROL |
| Campo de control |
CO-MdFUSB |
| 005 - FECHA Y HORA DE LA ULTIMA TRANSACCIÓN |
| control field |
20190424102832.0 |
| 008 - ELEMENTOS DE LONGITUD FIJA -- INFORMACIÓN GENERAL |
| Campo fijo de descripción fija -- Información general |
160801s2017 miua g b 001 0 eng |
| 010 ## - NÚMERO DE CONTROL DE LA BIBLIOTECA DEL CONGRESO |
| Número de control LC |
2016029670 |
| 020 ## - NÚMERO INTERNACIONAL NORMALIZADO PARA LIBROS |
| Número Internacional Normalizado del libro |
9780801017032 |
| Información adicional |
(hardcover) |
| 020 ## - NÚMERO INTERNACIONAL NORMALIZADO PARA LIBROS |
| Número Internacional Normalizado del libro |
0801017033 |
| Información adicional |
(hardcover) |
| 040 ## - FUENTE DE CATALOGACIÓN |
| Agencia de catalogación original |
DLC |
| Idioma de catalogación |
spa |
| Convenciones de la descripción |
rda |
| Agencia que realiza la transcripción |
CO-MdFUSB |
| Agencia que realiza la modificación |
YDXCP |
| -- |
BTCTA |
| -- |
BDX |
| -- |
OCLCO |
| -- |
KTS |
| -- |
OCLCQ |
| -- |
WIO |
| -- |
YDX |
| -- |
OCLCO |
| 041 ## - CÓDIGO DE IDIOMA |
| Código de idioma para texto/pista de sonido o título separado |
eng |
| 042 ## - AUTHENTICATION CODE |
| Authentication code |
pcc |
| 049 ## - LOCAL HOLDINGS (OCLC) |
| Holding library |
PTSS |
| 082 00 - NÚMERO DE CLASIFICACIÓN DECIMAL DEWEY |
| Número de la edición del Dewey |
24 |
| Número de clasificación |
G 220.609 |
| Clave de autor-Numero de item |
B672s |
| 100 1# - ASIENTO PRINCIPAL--NOMBRE PERSONAL |
| Nombre personal |
Boersma, Hans, |
| Fechas asociadas con el nombre |
1961- |
| Término relacionador |
autor. |
| 245 10 - TÍTULO |
| Título del Material |
Scripture as real presence |
| Parte restante del título - Subtitulo |
: sacramental exegesis in the early church |
| Mención de responsabilidad, etc. |
/ Hans Boersma. |
| 264 #1 - PRODUCCIÓN, PUBLICACIÓN, DISTRIBUCIÓN, MANUFACTURA, Y COPYRIGHT |
| Lugar de producción, publicación, distribución, manufactura |
Grand Rapids, Michigan : |
| Nombre del productor, publicador, distribuidor |
Baker Academic, |
| Fecha de producción, publicación, distribución, manufactura, o copyright |
℗[2017] |
| 264 #4 - PRODUCCIÓN, PUBLICACIÓN, DISTRIBUCIÓN, MANUFACTURA, Y COPYRIGHT |
| Fecha de producción, publicación, distribución, manufactura, o copyright |
©2017 |
| 300 ## - DESCRIPCIÓN FÍSICA |
| Extensión |
xix, 316 páginas ; |
| Dimensiones |
24 cm |
| 336 ## - TIPO DE CONTENIDO |
| Fuente |
rdacontent |
| Término de tipo de contenido |
texto |
| Código de tipo de contenido |
txt |
| 337 ## - TIPO DE MEDIO |
| Fuente |
rdamedia |
| Nombre del tipo de medio |
sin mediación |
| Código del tipo de medio |
n |
| 338 ## - TIPO DE SOPORTE |
| Fuente |
rdacarrier |
| Nombre del tipo de soporte |
volumen |
| Código Tipo de soporte |
nc |
| 501 ## - NOTA DE “CON” |
| Nota de Contenido |
Incluye índices (páginas 299- 316) |
| 504 ## - NOTA DE BIBLIOGRAFÍA, ETC. |
| Nota de bibliografía, etc |
Bibliografía (páginas 280- 298) |
| 505 0# - NOTA DE CONTENIDO |
| Nota de contenido con formato preestablecido |
1. Lectura patrística: los padres de la iglesia en la lectura sacramental de las Escrituras -- 2. Lectura literal: Gregorio de Nyssa y Agustín sobre los relatos de la creación de Génesis -- 3. Lectura hospitalaria: Origen y Crisóstomo en la teofanía de Génesis 18 -- 4. Otra lectura: Melito de Sardis y Origen en la Pascua de Éxodo 12 -- 5. Lectura encarnaciónal: Origen en la narrativa histórica de Josué -- 6. Lectura armoniosa: Clemente de Alejandría, Atanasio, Basilio, Gregorio de Nyssa y Agustín sobre la música de los Salmos -- 7. Lectura doctrinal: Atanasio y Gregorio de Nyssa sobre la sabiduría de Proverbios 8 -- 8. Lectura nupcial: Hipólito, Origen y Ambrosio en la pareja nupcial del Cantar de los Cantares -- 9. Lectura profética: Ireneo, Cirilo de Alejandría, Orígenes, Eusebio, Gregorio de Nyssa, Jerónimo, Ambrosio y Agustín sobre las canciones de los sirvientes de Isaías -- 10. Lectura beatífica: Gregorio de Nyssa, Agustín y Leó el Gran sobre las bienaventuranzas de Mateo 5. |
| 630 07 - TITULO UNIFORME |
| Título uniforme |
Biblia. |
| Nombre de parte o sección de la obra |
Antiguo Testamento |
| 653 ## - TÉRMINO DE INDIZACIÓN - NO CONTROLADO |
| Término no controlado |
Exégesis patrística |
| 942 ## - TIPO DE MATERIAL (KOHA) |
| Tipo de Item KOHA |
Libros General |